[Event "4NCL Division 1d"]
[Site "Telford, ENG"]
[Date "2018.05.06"]
[Round "10.53"]
[White "Toma, Katarzyna"]
[Black "Ashton, Adam G"]
[Result "1-0"]
[WhiteElo "2293"]
[BlackElo "2364"]
[PlyCount "107"]
[EventDate "2018.05.06"]
[WhiteTeam "West is Best 1"]
[BlackTeam "3Cs 1"]

1. e4 e5 2. Nf3 Nc6 3. Bb5 a6 4. Ba4 Nf6 5. Qe2 b5 6. Bb3 Bc5 7. c3 O-O 8. O-O
d5 9. d3 dxe4 10. dxe4 Qe7 11. Bg5 Nd8 12. Nh4 g6 13. Bh6 Re8 14. Nf3 Be6 15.
Nbd2 Nh5 16. a4 Rb8 17. axb5 axb5 18. Ra6 Bb6 19. Re1 Bxb3 20. Nxb3 Qe6 21. Nc5
Qc8 22. Qxb5 c6 23. Qxb6 Rxb6 24. Rxb6 Nf4 25. Bxf4 exf4 26. Nd4 Qc7 27. Ra6 h5
28. b4 Qe5 29. f3 Kg7 30. Rea1 Re7 31. Ra8 Qc7 32. Rxd8 Qxd8 33. Nxc6 Qd2 34.
Nxe7 Qxc3 35. Rb1 Qc2 36. Rf1 Qc4 37. Nd5 g5 38. h3 f5 39. Ne6+ Kh6 40. Nec7
fxe4 41. fxe4 Qd4+ 42. Kh2 Qd3 43. Rf3 Qxe4 44. b5 Qe1 45. b6 Kg6 46. Rb3 Qe5
47. Rf3 Qe1 48. Nb5 g4 49. Nxf4+ Kg5 50. Nd4 Qe5 51. Nde6+ Kh6 52. Rb3 Qb8 53.
b7 gxh3 54. Rxh3 1-0

[Event "4NCL Division 1d"]
[Site "Telford, ENG"]
[Date "2018.05.06"]
[Round "10.64"]
[White "Carleton, John J"]
[Black "Ledger, Andrew J"]
[Result "1/2-1/2"]
[WhiteElo "2258"]
[BlackElo "2369"]
[PlyCount "104"]
[EventDate "2018.05.06"]
[WhiteTeam "Spirit of Atticus A"]
[BlackTeam "Blackthorne Russia"]

1. d4 Nf6 2. c4 e6 3. Nc3 Bb4 4. e3 O-O 5. Bd3 d5 6. cxd5 exd5 7. Nge2 Re8 8.
Bd2 Nbd7 9. Rc1 c6 10. O-O Bd6 11. f3 c5 12. Qe1 b6 13. Qf2 Bb7 14. g4 Nf8 15.
Nb5 Be7 16. Ng3 Ne6 17. Nf5 Bf8 18. Qh4 h6 19. Rce1 a6 20. Nc3 Nh7 21. Qxd8
Raxd8 22. Ne2 g6 23. Nfg3 Bg7 24. Bc3 Bf6 25. f4 Nc7 26. f5 g5 27. Nh5 c4 28.
Bc2 Rxe3 29. Neg3 Rde8 30. Rxe3 Rxe3 31. Kf2 Re7 32. a4 Re8 33. Ne2 Be7 34. Ng1
f6 35. Nf3 Bd6 36. h4 Kf7 37. hxg5 hxg5 38. Rh1 Kg8 39. b3 b5 40. Ba5 Bc6 41.
Rb1 Rb8 42. axb5 axb5 43. Re1 Ne8 44. b4 Bd7 45. Nd2 Kf7 46. Nb1 Nc7 47. Nc3
Bc6 48. Bxc7 Bxc7 49. Re6 Rb6 50. Bd1 Bb7 51. Rxb6 Bxb6 52. Ke3 Ke7 1/2-1/2